| 000 | 00350pab a2200145 454500 | ||
|---|---|---|---|
| 008 | 180718b2004 xxu||||| |||| 00| 0 eng d | ||
| 100 | _aNeetu Prakash | ||
| 245 | _aForeign direct investment in India | ||
| 260 | _c2004 | ||
| 300 | _ap.291-96. | ||
| 362 | _aApr | ||
| 650 | _aForeign investment | ||
| 773 | _aManagement Accountant | ||
| 909 | _a60191 | ||
| 999 |
_c60191 _d60191 |
||